| 000 | 00395nam a2200157Ia 4500 | ||
|---|---|---|---|
| 008 | 220216s9999 xx 000 0 und d | ||
| 100 | _aJacob C.K. | ||
| 245 | 0 | _aNatural rubber: An ecofriendly material | |
| 260 |
_bPlanters' Chronicle _c1996 |
||
| 300 | _a585-589 | ||
| 650 | _aEcofriendliness | ||
| 650 | _aNatural rubber | ||
| 700 | _aMathew N.M. | ||
| 700 | _aThomas K.K. | ||
| 942 | _cBS | ||
| 999 |
_c51603 _d51603 |
||